[Event "UT Dallas Fall Open 2017"]
[Site "Dallas USA"]
[Date "2017.11.18"]
[Round "2.1"]
[White "Shtembuliak, Evgeny"]
[Black "Xiong, Jeffery"]
[Result "1-0"]
[WhiteTitle "IM"]
[BlackTitle "GM"]
[WhiteElo "2490"]
[BlackElo "2629"]
[WhiteFideId "14113325"]
[BlackFideId "2047640"]
[EventDate "2017.11.17"]

1. c4 c5 2. Nf3 Nf6 3. Nc3 d5 4. cxd5 Nxd5 5. e3 Nxc3 6. dxc3 Qxd1+ 7. Kxd1 Nc6
8. e4 b6 9. Be3 Bb7 10. Nd2 e6 11. f3 O-O-O 12. Kc2 Bd6 13. Nc4 Bc7 14. a4 h5
15. a5 h4 16. axb6 axb6 17. h3 Kb8 18. Be2 Ne5 19. Rhb1 Nxc4 20. Bxc4 f5 21.
exf5 exf5 22. b4 f4 23. Bf2 Bc8 24. Rd1 cxb4 25. cxb4 Bf5+ 26. Kb3 g5 27. Rd5
Rhf8 28. b5 Kb7 29. Re1 Rxd5 30. Bxd5+ Kc8 31. Ra1 Rd8 32. Bc6 Rd3+ 33. Kc4 Be5
34. Ra8+ Kc7 35. Ra7+ Kd6 36. Bxb6 Rc3+ 37. Kb4 Rc2 38. Bc7+ Ke6 39. Bd7+ Kxd7
40. Bxe5+ Ke6 41. Bc3 Rxg2 42. b6 Rg1 43. b7 Rb1+ 44. Kc5 Rxb7 45. Rxb7 Bxh3 46.
Rb6+ Kf7 47. Rf6+ Ke7 48. Rh6 1-0

[Event "UT Dallas Fall Open 2017"]
[Site "Dallas USA"]
[Date "2017.11.18"]
[Round "2.2"]
[White "Li, Ruifeng"]
[Black "Prasanna, Raghuram Rao"]
[Result "1-0"]
[WhiteTitle "GM"]
[BlackTitle "IM"]
[WhiteElo "2570"]
[BlackElo "2459"]
[WhiteFideId "2061074"]
[BlackFideId "5022401"]
[EventDate "2017.11.17"]

1. e4 e5 2. Nf3 Nc6 3. Bc4 Bc5 4. c3 Nf6 5. d3 a6 6. h3 d6 7. Bb3 O-O 8. Nbd2
Ba7 9. Nf1 Be6 10. Ng3 Ne7 11. O-O Ng6 12. d4 Re8 13. Bc2 h6 14. Re1 c6 15. Be3
Nh7 16. Nf5 Bb8 17. Qd2 Qf6 18. Nh2 Ngf8 19. Ng4 Qd8 20. Bxh6 Bxf5 21. exf5 e4
22. Bxg7 1-0

[Event "UT Dallas Fall Open 2017"]
[Site "Dallas USA"]
[Date "2017.11.18"]
[Round "2.3"]
[White "Hernandez Carmenate, Holden"]
[Black "Matsenko, Sergei"]
[Result "0-1"]
[WhiteTitle "GM"]
[BlackTitle "IM"]
[WhiteElo "2462"]
[BlackElo "2550"]
[WhiteFideId "3504387"]
[BlackFideId "4170083"]
[EventDate "2017.11.17"]

1. d4 Nf6 2. c4 e6 3. Nf3 Bb4+ 4. Bd2 Qe7 5. Nc3 b6 6. g3 Bb7 7. Bg2 O-O 8. O-O
d6 9. d5 c5 10. Nh4 Nbd7 11. e4 Ne5 12. b3 Ng6 13. Nxg6 hxg6 14. dxe6 fxe6 15.
Re1 e5 16. Qe2 Rf7 17. Rad1 Raf8 18. Nb5 Ne8 19. Bxb4 Rxf2 20. Qxf2 Rxf2 21.
Kxf2 cxb4 22. Nxa7 Qc7 23. Bh3 Qc5+ 24. Kf3 Qa5 25. Nb5 Qxa2 26. Be6+ Kh7 27. c5
dxc5 28. Nd6 Nc7 29. Bf7 Ba6 30. Re3 Qc2 31. Ra1 Be2+ 32. Kf2 Bg4+ 33. Kf1 Qd2 0-1

[Event "UT Dallas Fall Open 2017"]
[Site "Dallas USA"]
[Date "2017.11.18"]
[Round "2.4"]
[White "Macieja, Bartlomiej"]
[Black "Javakhadze, Zurab"]
[Result "1-0"]
[WhiteTitle "GM"]
[BlackTitle "IM"]
[WhiteElo "2533"]
[BlackElo "2452"]
[WhiteFideId "1104306"]
[BlackFideId "13603647"]
[EventDate "2017.11.17"]

1. d4 d5 2. c4 e6 3. Nc3 Nf6 4. cxd5 exd5 5. Bg5 c6 6. e3 Be7 7. Bd3 Nbd7 8. Nf3
O-O 9. Qc2 Re8 10. O-O Nf8 11. h3 g6 12. Rab1 a5 13. a3 Ne6 14. Bh4 Ng7 15. b4
Bd6 16. Na4 axb4 17. axb4 Bc7 18. b5 Nf5 19. Bxf6 Qxf6 20. bxc6 bxc6 21. Nb6 Rb8
22. Nxd5 cxd5 23. Qxc7 Rxb1 24. Rxb1 Be6 25. Rb8 Rxb8 26. Qxb8+ Kg7 27. Bxf5
Bxf5 28. Qe5 Be4 29. Nd2 Qxe5 30. dxe5 Bd3 31. f4 h5 32. Kf2 f6 33. Nf3 fxe5 34.
fxe5 Kf7 35. Ng5+ Ke7 36. h4 Ba6 37. Ke1 Bb5 38. Kf2 Ba6 39. g3 Bb5 40. Kf3 Ba6
41. g4 hxg4+ 42. Kxg4 Be2+ 43. Kf4 Bd3 44. Kf3 Ba6 45. Kg3 Bf1 46. Nf3 Bd3 47.
Nd4 Be4 48. Kf2 Bd3 49. Ke1 Be4 50. Kd2 Bb1 51. Kc3 Be4 52. Ne2 Kd7 53. Nf4 Kc7
54. Kd4 Kc6 55. Nd3 Bf3 56. Nb4+ Kd7 57. Nxd5 Ke6 58. e4 Kf7 59. Nf4 Bd1 60. Kd5
Bc2 61. e6+ Kf6 62. Kd6 g5 63. Nd5+ Kg6 64. e7 Ba4 65. hxg5 1-0

[Event "UT Dallas Fall Open 2017"]
[Site "Dallas USA"]
[Date "2017.11.18"]
[Round "2.5"]
[White "Reshef, Omer"]
[Black "Perelshteyn, Eugene"]
[Result "0-1"]
[WhiteTitle "IM"]
[BlackTitle "GM"]
[WhiteElo "2453"]
[BlackElo "2523"]
[WhiteFideId "2804336"]
[BlackFideId "2012529"]
[EventDate "2017.11.17"]

1. e4 c5 2. Nf3 g6 3. d4 cxd4 4. Nxd4 Nc6 5. c4 Bg7 6. Be3 Nf6 7. Nc3 Ng4 8.
Qxg4 Nxd4 9. Qd1 Ne6 10. Bd3 Bxc3+ 11. bxc3 b6 12. O-O Qc7 13. f4 Nc5 14. Bc2
Bb7 15. a4 f6 16. Qe2 d6 17. f5 Nd7 18. Bd4 Ne5 19. Bb3 Ba6 20. a5 bxa5 21. Ra4
Rc8 22. Rfa1 Bxc4 23. Rxc4 Nxc4 24. Ra4 Nb6 25. Rxa5 Kf8 26. Qa2 Rb8 27. Rxa7
Rb7 28. Ra6 Kg7 29. Qe2 Rhb8 30. h4 Ra7 31. Rxa7 Qxa7 32. Qg4 Qa3 33. Be6 Qc1+
34. Kh2 Qh6 35. Kh3 Na4 36. Qf3 Rb1 37. g4 Qc1 38. g5 Qh1+ 39. Kg3 Qxf3+ 40.
Kxf3 Rh1 41. Kg4 Rc1 42. c4 Rd1 43. Ba7 Nc5 44. Bxc5 dxc5 45. Kf4 Rf1+ 46. Kg4
h5+ 47. gxh6+ Kxh6 48. fxg6 Kxg6 49. h5+ Kh6 50. Bf7 e5 51. Bg6 Rf4+ 52. Kh3 Kg5
53. Kg3 Rh4 54. Kf3 Rxh5 0-1

[Event "UT Dallas Fall Open 2017"]
[Site "Dallas USA"]
[Date "2017.11.18"]
[Round "2.6"]
[White "Nakar, Eylon"]
[Black "Brown, Michael William"]
[Result "1-0"]
[WhiteTitle "IM"]
[BlackTitle "IM"]
[WhiteElo "2451"]
[BlackElo "2514"]
[WhiteFideId "2811111"]
[BlackFideId "2037602"]
[EventDate "2017.11.17"]

1. e4 e5 2. Nf3 Nc6 3. Bb5 Nf6 4. d3 d6 5. O-O Bd7 6. c3 g6 7. a4 Bg7 8. a5 a6
9. Bc4 O-O 10. Re1 Qc8 11. Qb3 Nh5 12. Be3 Be6 13. Bxe6 fxe6 14. Nbd2 h6 15. d4
Kh7 16. dxe5 Nxe5 17. Nxe5 Bxe5 18. Rad1 Bf4 19. c4 e5 20. c5 Bxe3 21. Rxe3 Nf4
22. h3 dxc5 23. Nf3 Ne6 24. Nxe5 Qe8 25. Rd7+ Ng7 26. Qc3 Rd8 27. Red3 Rxd7 28.
Nxd7 Rf7 29. Nf6+ Rxf6 30. Qxf6 Ne6 31. Rd5 1-0

[Event "UT Dallas Fall Open 2017"]
[Site "Dallas USA"]
[Date "2017.11.18"]
[Round "2.7"]
[White "Patel, Advait"]
[Black "Popilski, Gil"]
[Result "0-1"]
[WhiteTitle "IM"]
[BlackTitle "GM"]
[WhiteElo "2449"]
[BlackElo "2502"]
[WhiteFideId "2075105"]
[BlackFideId "2809060"]
[EventDate "2017.11.17"]

1. e4 e5 2. Nf3 Nc6 3. Bb5 a6 4. Ba4 Nf6 5. O-O Be7 6. Re1 b5 7. Bb3 O-O 8. h3
Bb7 9. d3 d5 10. exd5 Nxd5 11. Nxe5 Nxe5 12. Rxe5 Qd6 13. Re1 c5 14. Nd2 Rad8
15. a4 c4 16. dxc4 Nf4 17. Qg4 Nxg2 18. Re4 Nh4 19. axb5 Kh8 20. Rf4 f5 21. Qg3
Rf6 22. c5 Qxc5 23. Rxh4 Rg6 24. Qxg6 0-1

[Event "UT Dallas Fall Open 2017"]
[Site "Dallas USA"]
[Date "2017.11.18"]
[Round "2.9"]
[White "Sevian, Samuel"]
[Black "Vazquez, Guillermo"]
[Result "1/2-1/2"]
[WhiteTitle "GM"]
[BlackTitle "IM"]
[WhiteElo "2615"]
[BlackElo "2427"]
[WhiteFideId "2040506"]
[BlackFideId "3702308"]
[EventDate "2017.11.17"]

1. e4 c6 2. d4 d5 3. e5 Bf5 4. Nf3 e6 5. Be2 c5 6. Be3 cxd4 7. Nxd4 Ne7 8. O-O
Nbc6 9. Bb5 a6 10. Bxc6+ bxc6 11. c4 Qd7 12. cxd5 Nxd5 13. Nxf5 exf5 14. Bd4 Be7
15. e6 Qxe6 16. Re1 Qg6 17. Bc5 Rd8 18. Qb3 Qg5 19. Qa3 O-O 20. Bxe7 Nxe7 21. f4
Qxf4 22. Qxe7 Qd4+ 23. Kh1 Qxb2 24. Na3 h6 25. Nc4 Qd4 26. Rac1 f4 27. Ne5 Qf2
28. Nf3 Qxa2 29. Rxc6 Qa4 30. Rcc1 Rfe8 31. Qh4 Rxe1+ 32. Qxe1 a5 33. Ra1 Qb4
34. Rxa5 Qxe1+ 35. Nxe1 Rd1 36. Ra8+ Kh7 37. Re8 g5 38. Kg1 Kg6 39. Kf2 f6 40.
Ke2 Ra1 41. Rd8 Ra2+ 42. Rd2 Ra3 43. Nc2 Rb3 44. Nd4 Rb1 45. Kf2 Ra1 46. Nf3 Rb1
47. Ng1 Ra1 48. Ne2 Ra3 49. Rc2 Rb3 50. Nc3 Ra3 51. Ne4 Kf5 52. Nd6+ Kg6 53. Ne4
Kf5 54. Re2 Kg6 55. Rd2 Kf5 56. Nd6+ Kg6 57. Nb5 Rb3 58. Nc7 Rc3 59. Nd5 Ra3 60.
Rb2 Ra5 61. Ne7+ Kf7 62. Nc6 Ra3 63. Rb7+ Kg6 64. Ne7+ Kf7 65. Rc7 h5 66. Nd5+
Ke6 67. Nc3 Rb3 68. Ne2 Ra3 69. Rb7 Kf5 70. Rb5+ Kg6 71. Rb2 Kf5 72. Rd2 Kg6 73.
Rc2 Kf5 74. Rc5+ Kg6 75. Nc3 Rb3 76. Rc6 Rb2+ 77. Ne2 Rb3 78. Ra6 Rd3 79. Ra2
Rb3 80. Ra4 Rb1 81. Ra3 Rb2 82. Rd3 Ra2 83. Kf3 Rb2 84. Ra3 Rd2 85. Kf2 Rb2 86.
Rd3 Ra2 87. Ke1 Ra1+ 88. Rd1 Ra2 89. Rd2 Ra1+ 90. Kf2 Ra3 91. Rc2 Rb3 92. Nc3
Ra3 93. Nb5 Rb3 94. Nc7 Rd3 95. Na6 Rb3 96. Rd2 Rc3 97. Nb4 Ra3 98. Nd5 Rb3 99.
Re2 Rd3 100. Ne7+ Kf7 101. Nc6 Rc3 102. Nd8+ Kg6 103. Ne6 Ra3 104. Rc2 Ra6 105.
Nf8+ Kf7 106. Nd7 Ke7 107. Nb8 Ra8 108. Rb2 Kf7 109. Nd7 Ra7 110. Nc5 Kg6 111.
Nd3 Ra3 112. Nb4 1/2-1/2

[Event "UT Dallas Fall Open 2017"]
[Site "Dallas USA"]
[Date "2017.11.18"]
[Round "2.10"]
[White "Ghatti, Sanjay"]
[Black "Gareyev, Timur"]
[Result "1-0"]
[WhiteTitle "FM"]
[BlackTitle "GM"]
[WhiteElo "2178"]
[BlackElo "2615"]
[WhiteFideId "2076438"]
[BlackFideId "14200937"]
[EventDate "2017.11.17"]

1. e4 c5 2. Nf3 d6 3. d4 cxd4 4. Nxd4 Nf6 5. Nc3 Nc6 6. f3 e6 7. Be3 Be7 8. Bc4
O-O 9. Bb3 Na5 10. Qd2 a6 11. O-O Qc7 12. Qf2 Qb8 13. Rad1 Bd7 14. Kh1 Rc8 15.
Nde2 b5 16. g4 Nc4 17. Bxc4 Rxc4 18. g5 Ne8 19. Ng3 b4 20. Nb1 Qb7 21. c3 bxc3
22. Nxc3 Rac8 23. h4 Rb4 24. Rd2 Rcc4 25. Qe2 Qc6 26. Qg2 Bd8 27. h5 Bb6 28.
Bxb6 Qxb6 29. f4 Rd4 30. Rdf2 Bc6 31. f5 e5 32. f6 g6 33. hxg6 hxg6 34. b3 Rd3
35. Rf3 Rbd4 36. Rxd3 Rxd3 37. Nce2 Qe3 38. Rc1 Bb7 39. Rc4 Qxg5 40. Rb4 Rd1+
41. Kh2 Bc8 42. Qf3 Nxf6 43. Rb8 Qh4+ 44. Kg2 Qh3+ 45. Kf2 Ng4+ 1-0

[Event "UT Dallas Fall Open 2017"]
[Site "Dallas USA"]
[Date "2017.11.18"]
[Round "2.11"]
[White "Gorovets, Andrey"]
[Black "Ynojosa Aponte, Felix Jose"]
[Result "1-0"]
[WhiteTitle "IM"]
[BlackTitle "IM"]
[WhiteElo "2529"]
[BlackElo "2423"]
[WhiteFideId "13504037"]
[BlackFideId "3900258"]
[EventDate "2017.11.17"]

1. d4 Nf6 2. Nf3 e6 3. Bf4 c5 4. e3 Nc6 5. Nbd2 d5 6. c3 Nh5 7. Bg5 Qb6 8. Rb1
h6 9. Bh4 g5 10. Ne5 cxd4 11. Nxf7 Kxf7 12. Qxh5+ Kg8 13. Bg3 dxe3 14. Qg6+ Bg7
15. Qe8+ Bf8 16. fxe3 Qxe3+ 17. Be2 e5 18. Qg6+ Bg7 19. Nf1 Qc5 20. Bf2 Qe7 21.
Ng3 Be6 22. O-O Qe8 23. Qc2 h5 24. Be3 h4 25. Nf5 Qg6 26. Bg4 e4 27. Qb3 b6 28.
Qb5 Rc8 29. Rbd1 Kh7 30. Nxg7 Bxg4 31. Rxd5 Qxg7 32. Rxg5 Qd7 33. Qc4 Rhf8 34.
Qxe4+ Kh8 35. Rxf8+ Rxf8 36. Qxg4 1-0

[Event "UT Dallas Fall Open 2017"]
[Site "Dallas USA"]
[Date "2017.11.18"]
[Round "2.12"]
[White "Ider, Borya"]
[Black "Sarkar, Justin"]
[Result "1-0"]
[WhiteTitle "IM"]
[BlackTitle "IM"]
[WhiteElo "2515"]
[BlackElo "2354"]
[WhiteFideId "4901134"]
[BlackFideId "2010011"]
[EventDate "2017.11.17"]

1. d4 Nf6 2. c4 g6 3. g3 Bg7 4. Bg2 d5 5. cxd5 Nxd5 6. e4 Nb6 7. Ne2 O-O 8. O-O
e5 9. d5 c6 10. Nbc3 cxd5 11. exd5 Bf5 12. b3 Qd7 13. Re1 Na6 14. Ba3 Rfc8 15.
Qd2 Nc5 16. Qe3 Bf8 17. Red1 Bd6 18. Bxc5 Rxc5 19. g4 Bxg4 20. Ne4 Qe7 21. Nxc5
Bxc5 22. d6 Bxd6 23. Qe4 f5 24. Qxb7 Bxe2 25. Qxe7 Bxe7 26. Rd2 Bb5 27. Bxa8
Nxa8 28. Rc1 Nb6 29. Rc7 Kf7 30. a4 1-0

[Event "UT Dallas Fall Open 2017"]
[Site "Dallas USA"]
[Date "2017.11.18"]
[Round "2.13"]
[White "Kadric, Denis"]
[Black "Sheng, Joshua"]
[Result "0-1"]
[WhiteTitle "GM"]
[BlackTitle "IM"]
[WhiteElo "2505"]
[BlackElo "2373"]
[WhiteFideId "14403803"]
[BlackFideId "2057360"]
[EventDate "2017.11.17"]

1. e4 c5 2. Nc3 e6 3. Nf3 a6 4. d4 cxd4 5. Nxd4 Qc7 6. Bd3 Nf6 7. O-O d6 8. f4
b5 9. Kh1 Bb7 10. Qe1 Nbd7 11. b4 Be7 12. a4 bxa4 13. Nxa4 O-O 14. c4 Rfe8 15.
Nb3 Rab8 16. Bd2 Bxe4 17. Bxe4 Qxc4 18. Bxh7+ Kxh7 19. Na5 Qe4 20. Qf2 Rec8 21.
f5 Ne5 22. Bc3 Nd3 23. Qa7 exf5 24. Rf3 Nd5 25. Nc6 Rxc6 26. Qxb8 Nxc3 27. Nxc3
Rxc3 28. Raf1 Ne1 29. R3f2 Bh4 30. Ra2 Qc4 0-1

[Event "UT Dallas Fall Open 2017"]
[Site "Dallas USA"]
[Date "2017.11.18"]
[Round "2.16"]
[White "Stremavicius, Titas"]
[Black "Chandra, Akshat"]
[Result "0-1"]
[WhiteTitle "IM"]
[BlackTitle "GM"]
[WhiteElo "2422"]
[BlackElo "2483"]
[WhiteFideId "12804444"]
[BlackFideId "25006711"]
[EventDate "2017.11.17"]

1. d4 Nf6 2. c4 e6 3. Nf3 d5 4. Bg5 Nbd7 5. Nc3 c6 6. cxd5 exd5 7. e3 Be7 8. Bd3
Ne4 9. Bxe7 Qxe7 10. Bxe4 dxe4 11. Nd2 f5 12. Qh5+ g6 13. Qh6 Nf6 14. h4 Be6 15.
Rc1 O-O-O 16. a3 Kb8 17. Ne2 Ka8 18. Nf4 Bf7 19. Qg5 h6 20. Qg3 Rhg8 21. Ne2 g5
22. hxg5 hxg5 23. Rc5 Bd5 24. Rc3 Qf7 25. Qh3 Be6 26. Qh2 Nd5 27. Rc5 f4 28.
Nxe4 Bf5 29. N4c3 fxe3 30. fxe3 Nxe3 31. Kd2 Rge8 32. Qg3 Qb3 33. Nd1 Qd3+ 34.
Kc1 Qb1+ 35. Kd2 Nxd1 36. Qb3 Qe4 37. Rxf5 Qxe2+ 38. Kc1 Qe3+ 39. Qxe3 Nxe3 40.
Rxg5 Rg8 41. Rxg8 Rxg8 42. g3 Kb8 43. Rg1 Rg4 0-1

[Event "UT Dallas Fall Open 2017"]
[Site "Dallas USA"]
[Date "2017.11.18"]
[Round "2.17"]
[White "Arribas Lopez, Angel"]
[Black "Yim, Sung Ho"]
[Result "1-0"]
[WhiteTitle "GM"]
[WhiteElo "2471"]
[BlackElo "2275"]
[WhiteFideId "2283352"]
[BlackFideId "2062020"]
[EventDate "2017.11.17"]

1. e4 e6 2. d4 d5 3. Nc3 Nf6 4. e5 Nfd7 5. f4 c5 6. Nce2 Nc6 7. Nf3 Be7 8. c3
O-O 9. g3 f6 10. Bh3 fxe5 11. dxe5 Nb6 12. Bg4 Qe8 13. Qc2 Bd7 14. h4 h6 15. Be3
Rc8 16. Bf2 Nd8 17. O-O-O Bb5 18. Ng5 hxg5 19. hxg5 Rf5 20. Bxf5 exf5 21. Qxf5
g6 22. Qh3 Kf7 23. f5 Bxg5+ 24. Nf4 Qxe5 25. fxg6+ Kf8 26. Rde1 Qf6 27. Be3 Bd7
28. Qh7 d4 29. Rhf1 dxe3 30. g7+ Qxg7 31. Ne6+ Ke7 32. Qxg7+ 1-0

[Event "UT Dallas Fall Open 2017"]
[Site "Dallas USA"]
[Date "2017.11.18"]
[Round "2.18"]
[White "Capocyan, Sam"]
[Black "Kaliksteyn, Alexander"]
[Result "0-1"]
[BlackTitle "FM"]
[WhiteElo "2150"]
[BlackElo "2425"]
[WhiteFideId "2067480"]
[BlackFideId "2007630"]
[EventDate "2017.11.17"]

1. d4 Nf6 2. Nc3 d5 3. Bf4 e6 4. e3 Bb4 5. Ne2 b6 6. a3 Bd6 7. Qd2 O-O 8. f3 Bb7
9. O-O-O c5 10. g4 Nc6 11. g5 Ne8 12. h4 Nc7 13. Bg2 Qe7 14. Qe1 Rfe8 15. Qg3 e5
16. dxe5 Bxe5 17. Rhe1 Rad8 18. Kb1 b5 19. Bxe5 Nxe5 20. Nf4 Nc4 21. Nh5 Kh8 22.
Nf6 gxf6 23. gxf6 Qxf6 24. Qxc7 b4 25. Qxb7 bxc3 26. b3 Nxe3 27. Qb5 a6 28. Qa4
Re7 29. Qa5 Rde8 30. Rxe3 Rxe3 31. Qxc5 Re1 32. Qxd5 Rxd1+ 33. Qxd1 Qf4 34. Qd7
Re1+ 35. Ka2 Ra1+ 0-1

[Event "UT Dallas Fall Open 2017"]
[Site "Dallas USA"]
[Date "2017.11.18"]
[Round "2.19"]
[White "Tsay, Vincent"]
[Black "Kavutskiy, Konstantin"]
[Result "0-1"]
[WhiteTitle "FM"]
[BlackTitle "IM"]
[WhiteElo "2221"]
[BlackElo "2396"]
[WhiteFideId "30931835"]
[BlackFideId "2026384"]
[EventDate "2017.11.17"]

1. e4 c5 2. c3 Nf6 3. e5 Nd5 4. Nf3 e6 5. Bc4 d6 6. d4 cxd4 7. cxd4 Be7 8. O-O
O-O 9. Qe2 b6 10. Rd1 Bb7 11. a3 Nd7 12. Nbd2 dxe5 13. dxe5 Qc7 14. Nb3 Rac8 15.
Bd3 Rfe8 16. h4 f5 17. Bd2 Nf8 18. Nbd4 Qb8 19. Ba6 h6 20. Bxb7 Qxb7 21. Qb5 a6
22. Qb3 Red8 23. Bb4 Bc5 24. Rac1 Bxd4 25. Rxc8 Bxf2+ 26. Kxf2 Qxc8 27. Kg1 Ng6
28. Bd6 Qb7 29. Nd4 Ndf4 30. Qg3 Nxh4 31. Rd2 Qe4 32. Kh2 Nhxg2 33. Rxg2 g5 34.
Rd2 Rc8 35. Qf3 Qe1 36. Qf2 Qe4 37. Rc2 Rxc2 38. Qxc2 Qxc2+ 39. Nxc2 Kf7 40. Nd4
Nd3 41. b4 f4 42. Nc6 Ke8 43. Nd4 Kd7 44. a4 g4 45. b5 a5 46. Kg2 Nb2 47. Ba3
Nc4 48. Bc1 f3+ 49. Kg3 h5 50. Bf4 h4+ 51. Kf2 Nb2 52. Nc2 Nd3+ 53. Ke3 f2 54.
Ke2 Nxf4+ 55. Kxf2 Nd3+ 56. Ke3 h3 0-1

[Event "UT Dallas Fall Open 2017"]
[Site "Dallas USA"]
[Date "2017.11.18"]
[Round "2.20"]
[White "Wheeler, Cameron"]
[Black "Kung, Thomas"]
[Result "1/2-1/2"]
[WhiteTitle "IM"]
[WhiteElo "2391"]
[BlackElo "2150"]
[WhiteFideId "2060531"]
[BlackFideId "30914272"]
[EventDate "2017.11.17"]

1. d4 Nf6 2. c4 g6 3. Nf3 Bg7 4. g3 c6 5. Bg2 d5 6. cxd5 cxd5 7. O-O O-O 8. Nc3
Ne4 9. Ne5 Nxc3 10. bxc3 Nc6 11. Nxc6 bxc6 12. Qa4 Qb6 13. Ba3 Qa6 14. Qb3 Bg4
15. e3 Rfb8 16. Bb4 e5 17. Rfe1 Be2 18. Qa3 e4 19. Rac1 Qxa3 20. Bxa3 Bd3 21.
Bf1 Rb6 22. Bxd3 exd3 23. Red1 Ra6 24. Bd6 Rxa2 25. Rxd3 a5 26. c4 Bf8 27. Bxf8
Kxf8 28. Rb3 a4 29. Rb7 dxc4 30. Rxc4 a3 31. Kg2 Ra5 32. d5 Rxd5 33. g4 g5 34.
Rxc6 Rb2 35. Ra7 a2 36. Rc8+ Kg7 37. Rcc7 Kg8 38. Rc8+ Kg7 39. Rcc7 Kg8 40. Ra8+
Kg7 41. Raa7 1/2-1/2

[Event "UT Dallas Fall Open 2017"]
[Site "Dallas USA"]
[Date "2017.11.18"]
[Round "2.21"]
[White "Richard, Emma"]
[Black "Thavandiran, Shiyam"]
[Result "1-0"]
[WhiteTitle "WFM"]
[BlackTitle "FM"]
[WhiteElo "2080"]
[BlackElo "2389"]
[WhiteFideId "657590"]
[BlackFideId "2605058"]
[EventDate "2017.11.17"]

1. e4 e6 2. d4 d5 3. e5 c5 4. c3 Nc6 5. g3 Qb6 6. Ne2 Nge7 7. Bh3 Nf5 8. Bxf5
exf5 9. O-O Be6 10. Na3 Be7 11. h4 O-O 12. Nc2 cxd4 13. cxd4 Rac8 14. Ne3 Rfd8
15. b3 Qa5 16. a3 Qb6 17. Qd3 g6 18. Rd1 Bf8 19. h5 Rd7 20. b4 Bg7 21. Bb2 Qd8
22. Kg2 Qe8 23. hxg6 fxg6 24. Rac1 Bh6 25. Rh1 Bg5 26. f4 Be7 27. g4 fxg4 28. f5
gxf5 29. Nxf5 Bf8 30. Nh6+ Bxh6 31. Rxh6 Rcc7 32. Nf4 Nd8 33. Nh5 Qf8 34. Nf6+
Kh8 35. Rxc7 Qxh6 36. Nxd7 Bxd7 37. Rxd7 Ne6 38. Bc1 Qh5 39. Rxb7 g3 40. Rb8+ 1-0

[Event "UT Dallas Fall Open 2017"]
[Site "Dallas USA"]
[Date "2017.11.18"]
[Round "2.22"]
[White "Rahul, Srivatshav P"]
[Black "Premkumar, Hiren"]
[Result "1-0"]
[WhiteElo "2375"]
[BlackElo "2048"]
[WhiteFideId "25059653"]
[BlackFideId "2065584"]
[EventDate "2017.11.17"]

1. Nf3 d5 2. g3 Nf6 3. Bg2 Bg4 4. O-O Nbd7 5. c4 e6 6. cxd5 exd5 7. Nc3 Bd6 8.
d3 O-O 9. h3 Be6 10. Nd4 c5 11. Nxe6 fxe6 12. e4 d4 13. Ne2 Nb6 14. a4 Qd7 15.
f4 e5 16. a5 Nc8 17. fxe5 Bxe5 18. Rf5 Bd6 19. a6 b6 20. Rxf6 Rxf6 21. e5 Bxe5
22. Bxa8 Qxh3 23. Bg2 Qg4 24. Qb3+ Kh8 25. Qd5 Bd6 26. Qe4 Qh5 27. Bf4 Bf8 28.
Rf1 Qf7 29. Qa8 Qe6 30. Bg5 Rxf1+ 31. Bxf1 Kg8 32. Nf4 Qe3+ 33. Kg2 Nd6 34. Ng6
Qe8 35. Qxe8 Nxe8 36. Nxf8 Kxf8 37. Bf4 Ke7 38. Be2 Kd7 39. Bf3 Nc7 40. Bxc7
Kxc7 41. Bb7 b5 42. Kf3 Kb6 43. Ke4 Ka5 44. Kd5 Kb4 45. Bc6 g5 46. g4 h6 47. Bd7
c4 48. Kxd4 cxd3 49. Kxd3 Kb3 50. Bxb5 Kxb2 51. Kc4 Kc2 52. Kc5 Kd2 53. Kc6 h5
54. gxh5 g4 55. h6 g3 56. Bf1 1-0

[Event "UT Dallas Fall Open 2017"]
[Site "Dallas USA"]
[Date "2017.11.18"]
[Round "2.23"]
[White "Daggupati, Balaji"]
[Black "Williams, Quaitemes"]
[Result "1-0"]
[WhiteTitle "FM"]
[WhiteElo "2358"]
[BlackElo "2033"]
[WhiteFideId "2090759"]
[BlackFideId "2007398"]
[EventDate "2017.11.17"]

1. e4 e5 2. Nf3 Nc6 3. Bb5 Nge7 4. O-O g6 5. c3 Bg7 6. d4 exd4 7. cxd4 d5 8.
exd5 Nxd5 9. Re1+ Be6 10. Bg5 Qd6 11. Nbd2 O-O 12. Nc4 Qb4 13. a4 a6 14. Bd2 Qe7
15. Bxc6 bxc6 16. Nfe5 c5 17. Nc6 Qe8 18. N4a5 cxd4 19. Qc1 Qd7 20. Bh6 Ne7 21.
Bxg7 Kxg7 22. Qc5 Nxc6 23. Nxc6 d3 24. Rad1 Bf5 25. Qc3+ Kh6 26. Re3 Rae8 27.
Ne5 Qxa4 28. b3 Qb5 29. g4 f6 30. Rh3+ Kg7 31. Qxc7+ Bd7 32. Qxd7+ Qxd7 33. Nxd7
Rf7 34. Rhxd3 Re4 35. f3 Rb4 36. Nc5 1-0

[Event "UT Dallas Fall Open 2017"]
[Site "Dallas USA"]
[Date "2017.11.18"]
[Round "2.24"]
[White "Kambrath, Yannick"]
[Black "Polavaram, Rithik"]
[Result "1-0"]
[WhiteTitle "FM"]
[WhiteElo "2332"]
[BlackElo "1957"]
[WhiteFideId "20632525"]
[BlackFideId "2081997"]
[EventDate "2017.11.17"]

1. c4 e6 2. Nc3 Nf6 3. e4 d6 4. d4 Nbd7 5. Nf3 e5 6. Be2 g6 7. O-O Bg7 8. Qc2
O-O 9. Rd1 Qe7 10. dxe5 dxe5 11. Nd5 Nxd5 12. cxd5 Nb6 13. Be3 Rd8 14. Rac1 f5
15. Qxc7 Qxc7 16. Rxc7 fxe4 17. Ng5 h6 18. Nxe4 Bf5 19. Nc3 Rd7 20. Rxd7 Bxd7
21. Ne4 Rd8 22. b3 Bc8 23. a4 Bf5 24. Nc5 Bc8 25. a5 Na8 26. d6 b6 27. d7 bxc5
28. dxc8=Q Rxc8 29. Bc4+ Kh7 30. Rd7 Rc7 31. Rd8 Nb6 32. axb6 axb6 33. Rb8 Ra7
34. g3 h5 35. Rxb6 Ra8 36. Bd3 Ra1+ 37. Kg2 Ra8 38. Bxg6+ Kh8 39. Bxh5 Rd8 40.
Bxc5 Rd5 41. Be3 e4 42. Bg6 Rd8 43. Bxe4 Re8 44. Bg6 Re7 45. Rb8+ Bf8 46. Rxf8+
Kg7 47. Rf7+ Kg8 48. Rxe7 Kh8 49. Bd4+ Kg8 50. Re8# 1-0

[Event "UT Dallas Fall Open 2017"]
[Site "Dallas USA"]
[Date "2017.11.18"]
[Round "3.1"]
[White "Perelshteyn, Eugene"]
[Black "Li, Ruifeng"]
[Result "0-1"]
[WhiteTitle "GM"]
[BlackTitle "GM"]
[WhiteElo "2523"]
[BlackElo "2570"]
[WhiteFideId "2012529"]
[BlackFideId "2061074"]
[EventDate "2017.11.17"]

1. Nf3 c5 2. g3 Nc6 3. Bg2 g6 4. O-O Bg7 5. c4 e6 6. Nc3 Nge7 7. d3 d6 8. Bg5 h6
9. Bd2 b6 10. a3 Bb7 11. Rb1 O-O 12. b4 Qd7 13. e3 Rfd8 14. Qe2 Rac8 15. Rfd1
Ba8 16. Be1 Nf5 17. g4 Nfe7 18. h3 Ne5 19. Nxe5 Bxe5 20. Bxa8 Rxa8 21. f4 Bg7
22. bxc5 dxc5 23. Rbc1 e5 24. fxe5 Bxe5 25. Qg2 Qe6 26. Bf2 Rac8 27. Ne2 Rd7 28.
Rc2 Bb8 29. Qf3 Nc6 30. Qg2 Ne7 31. Qf3 Nc6 32. Qg2 Rcd8 33. d4 cxd4 34. exd4
Ne5 35. Nf4 Qd6 36. Be3 Qxa3 37. Qe4 Nxc4 38. Rxc4 Re7 39. Rc3 Rxe4 40. Rxa3
Bxf4 41. Bf2 Re7 42. d5 Red7 43. Kg2 Rxd5 44. Rxd5 Rxd5 45. Rxa7 b5 46. Rb7 Bd2
47. Kf3 Bc3 48. Ke4 Re5+ 49. Kf3 b4 50. Be3 Kg7 51. h4 Rd5 52. Ke2 h5 53. g5 Ra5
54. Bf4 Ra2+ 55. Kf3 Rb2 56. Rc7 Rb1 57. Kg2 Rd1 58. Rb7 Kf8 59. Be3 Rb1 60. Rc7
Ke8 61. Bf4 Rd1 62. Rb7 Rd7 63. Rb8+ Ke7 64. Kf3 Ke6 65. Ke4 Rd4+ 66. Kf3 Rxf4+ 0-1